Проблемы и основные направления развития электроснабжения удаленных и малонаселенных потребителей России; Вестник науки Сибири; № 3 (4)
| Parent link: | Вестник науки Сибири: электронный научный журнал/ Томский политехнический университет (ТПУ).— , 2011-.— 2226-0064 № 3 (4).— 2012.— [С. 103-108] |
|---|---|
| 1. Verfasser: | |
| Zusammenfassung: | Заглавие с титульного листа Обозначена проблема качественного электроснабжения удаленных и малонаселенных потребителей. Показана экономическая неэффективность использования для данной категории потребителей стационарных линий электропередач и недостатки применения дизельных электростанций. Предложено использование возобновляемых источников энергии. |
| Sprache: | Russisch |
| Veröffentlicht: |
2012
|
| Schriftenreihe: | Инженерные науки |
| Schlagworte: | |
| Online-Zugang: | http://earchive.tpu.ru/handle/11683/16065 |
| Format: | MixedMaterials Elektronisch Buchkapitel |
| KOHA link: | https://koha.lib.tpu.ru/cgi-bin/koha/opac-detail.pl?biblionumber=480379 |
MARC
| LEADER | 00000naa2a2200000 4500 | ||
|---|---|---|---|
| 001 | 480379 | ||
| 005 | 20231101093529.0 | ||
| 035 | |a (RuTPU)RU\TPU\prd\147574 | ||
| 035 | |a RU\TPU\prd\147572 | ||
| 090 | |a 480379 | ||
| 100 | |a 20120817d2012 k y0rusy50 ca | ||
| 101 | 0 | |a rus | |
| 102 | |a RU | ||
| 135 | |a drnn ---uucaa | ||
| 181 | 0 | |a i | |
| 182 | 0 | |a b | |
| 200 | 1 | |a Проблемы и основные направления развития электроснабжения удаленных и малонаселенных потребителей России |f О. А. Суржикова | |
| 203 | |a Текст |c электронный | ||
| 215 | |a 1 файл (99.7 Кб) | ||
| 225 | 1 | |a Инженерные науки | |
| 230 | |a Электронные текстовые данные (1 файл : 99.7 Кб) | ||
| 300 | |a Заглавие с титульного листа | ||
| 320 | |a [Библиогр.: с. 108 (9 назв.)] | ||
| 330 | |a Обозначена проблема качественного электроснабжения удаленных и малонаселенных потребителей. Показана экономическая неэффективность использования для данной категории потребителей стационарных линий электропередач и недостатки применения дизельных электростанций. Предложено использование возобновляемых источников энергии. | ||
| 337 | |a Adobe Reader | ||
| 461 | 1 | |0 (RuTPU)RU\TPU\prd\143680 |x 2226-0064 |t Вестник науки Сибири |o электронный научный журнал |f Томский политехнический университет (ТПУ) |d 2011- | |
| 463 | 1 | |0 (RuTPU)RU\TPU\prd\146314 |t № 3 (4) |v [С. 103-108] |d 2012 | |
| 610 | 1 | |a электроснабжение | |
| 610 | 1 | |a развитие | |
| 610 | 1 | |a основные направления | |
| 610 | 1 | |a проблемы | |
| 610 | 1 | |a потребители | |
| 610 | 1 | |a Россия | |
| 610 | 1 | |a линии электропередачи | |
| 610 | 1 | |a возобновляемые источники энергии | |
| 610 | 1 | |a труды учёных ТПУ | |
| 610 | 1 | |a электронный ресурс | |
| 675 | |a 621.31 |v 3 | ||
| 700 | 1 | |a Суржикова |b О. А. |c экономист, специалист в области менеджмента |c старший научный сотрудник Томского политехнического университета, кандидат экономических наук |f 1982- |g Ольга Анатольевна |2 stltpush |3 (RuTPU)RU\TPU\pers\29835 | |
| 801 | 1 | |a RU |b 63413507 |c 20090623 |g PSBO | |
| 801 | 2 | |a RU |b 63413507 |c 20180115 |g PSBO | |
| 856 | 4 | |u http://earchive.tpu.ru/handle/11683/16065 | |
| 942 | |c BK | ||